| 000 | 00428nam a2200145 a 4500 | ||
|---|---|---|---|
| 001 | 6020 | ||
| 003 | CDMR | ||
| 005 | 20130220142515.0 | ||
| 008 | 130220s2010||||||||||||||||||||||||||||d | ||
| 040 |
_aCDMR _bcat _cCPC LLEIDA |
||
| 110 |
_aGuionistes Associats de Catalunya _93009 |
||
| 245 | 1 | 0 |
_aGuia de guionistes 2010-11 _cGuionistes Associats de Catalunya |
| 260 |
_aBarcelona _bGuionistes Associats de Catalunya _c2010 |
||
| 942 | _cMON | ||
| 999 |
_c6020 _d6020 |
||